000 00142nam a22000857a 4500
082 _aK890
245 _aSACHHA HAKIM
300 _a24P
942 _cBK
999 _c2829
_d2829